000 00619nab a2200157 4500
003 ES-SlBCS
005 20220907161509.0
008 150525s2014 rm ||||| |||| 00| 0 rum d
040 _aES-SlBCS
_bspa
100 1 _aGelan, Victor Eugen
_9408333
245 1 1 _aFapt si eesenta
_b: Factual vs eidetic în fenomenologia husserliana
_cVictor Eugen Gelan
246 1 1 _aFact and Essence
_b: Factual vs Eidetic in Husserl's Phenomenology
600 0 _aHusserl, Edmund
_d, 1859-1938
_xCrítica e interpretación
_9120926
773 0 _gVol. 61, Nº 3, 2014, págs. 273-295
_tRevista de Filosofie
_wRev952
_x0034-8260
942 _2lcc
_cAR
999 _c852308
_d852308